[Event "62. BEM 2008"]
[Site "Dortmund"]
[Date "2008.02.26"]
[Round "5.28"]
[White "Krüger, Inge"]
[Black "Rabe, Mark"]
[Result "1/2-1/2"]
[WhiteElo "1375"]
[BlackElo "891"]
[Annotator "Zelt & Lindam"]
[PlyCount "58"]
[EventDate "2008.??.??"]
[Source "SG Dortmund"]
[SourceDate "2004.12.16"]

1. d4 g6 2. c4 Bg7 3. Nf3 e6 4. Nc3 c6 5. e4 Nh6 6. Be2 O-O 7. O-O b6 8. Bf4
Na6 9. Rc1 Re8 10. Qd2 Ng4 11. h3 Nf6 12. Bg5 d6 13. Rfd1 Qd7 14. e5 Nh5 15. g4
f6 16. exf6 Nxf6 17. Qf4 Rf8 18. Qg3 Bb7 19. Bf4 Ne8 20. a3 Rc8 21. b4 c5 22.
dxc5 d5 23. cxd5 (23. c6 $1 Bxc6 24. b5 $18 Bxc3 25. bxc6) 23... exd5 24. Bb5 (
24. c6 $1) 24... Qf7 25. Ne5 $2 (25. Ne2 $142) 25... Qxf4 26. Qxf4 Rxf4 27. Nd7
Nec7 $6 (27... Nb8 $5 $19) 28. c6 Ba8 29. Ba4 Bd4 1/2-1/2

[Event "62. BEM 2008"]
[Site "Dortmund"]
[Date "2008.02.26"]
[Round "5.29"]
[White "Dirks, Rainer"]
[Black "Hast, Stefan"]
[Result "0-1"]
[WhiteElo "1155"]
[BlackElo "1083"]
[PlyCount "50"]
[EventDate "2008.??.??"]
[Source "SG Dortmund"]
[SourceDate "2004.12.16"]

1. e4 d5 2. exd5 Qxd5 3. Nc3 Qa5 4. Nf3 c6 5. Be2 Nf6 6. O-O Bg4 7. Re1 e6 8.
d4 Bf5 9. Nh4 Bg6 10. Nxg6 hxg6 11. Bf3 Qc7 12. g3 Bd6 13. d5 e5 14. dxc6 Nxc6
15. Nb5 O-O-O 16. Nxc7 Bb4 17. Qe2 Nd4 18. Qc4 Nxf3+ 19. Kg2 Rd4 20. Qxf7 Nxe1+
21. Kf1 Rd7 22. Qc4 Rd4 23. Qe2 Rxh2 24. Kg1 Re4 25. Qf1 Nf3# 0-1

[Event "62. BEM 2008"]
[Site "Dortmund"]
[Date "2008.02.28"]
[Round "6.1"]
[White "Lindam, Ingo"]
[Black "Barskij, Aleksandr"]
[Result "1-0"]
[WhiteElo "2070"]
[BlackElo "1874"]
[Annotator "P. Schulenburg"]
[PlyCount "79"]
[EventDate "2008.??.??"]
[Source "SG Dortmund"]
[SourceDate "2004.12.16"]

1. d4 d5 2. Nf3 Nf6 3. Bf4 c5 4. e3 Nc6 5. c3 Qb6 6. Qc1 Bf5 7. Nbd2 e6 8. Nh4
Bg6 9. Nxg6 hxg6 10. Bd3 Be7 11. Rb1 Nd7 12. Nf3 Bf6 13. Qc2 e5 14. dxe5 Ndxe5
15. Be2 Rd8 16. O-O O-O 17. b4 d4 18. bxc5 Qxc5 19. Bxe5 Bxe5 20. Rb5 d3 21.
Rxc5 dxc2 22. Rc1 $1 ({
Weiss begnuegt sich mit dem Gewinn eines Bauern. Ein Reinfall waere dagegen} 
22. Nxe5 Rd2 23. Bf3 $2 {wegen} 23... Rfd8 24. Nxc6 bxc6 25. g3 Rd1 26. Bxd1
Rxd1 $19) 22... Bd6 23. Rb5 b6 24. Rxc2 Na5 25. Nd4 Rc8 26. Rd5 Rfd8 27. g3 Bb8
28. Rxd8+ Rxd8 29. Bb5 Be5 30. Kg2 Rc8 31. Ba6 Rc5 32. Bd3 Kf8 33. Kf3 Ke7 34.
h3 Nc4 35. Bxc4 Rxc4 36. Ke4 Bd6 37. Kd3 Rc5 38. c4 Rh5 39. h4 Ra5 $4 40. Nc6+
1-0

[Event "62. BEM 2008"]
[Site "Dortmund"]
[Date "2008.02.28"]
[Round "6.2"]
[White "Begna, Bozidar"]
[Black "Gitschel, Ralf"]
[Result "0-1"]
[WhiteElo "1955"]
[BlackElo "1914"]
[PlyCount "144"]
[EventDate "2008.??.??"]
[Source "SG Dortmund"]
[SourceDate "2004.12.16"]

1. e4 e5 2. Nf3 Nc6 3. Bb5 a6 4. Ba4 Nf6 5. Qe2 b5 6. Bb3 Be7 7. a4 b4 8. a5
O-O 9. O-O d6 10. c3 Bg4 11. Rd1 Qb8 12. Bc4 Qb7 13. d4 bxc3 14. bxc3 exd4 15.
cxd4 Nb4 16. Nc3 c5 17. dxc5 dxc5 18. e5 Ne8 19. Nd5 Rd8 20. Nxe7+ Qxe7 21.
Rxd8 Qxd8 22. Bb2 Nc7 23. Rd1 Qe7 24. Qe4 Be6 25. Be2 Rd8 26. h4 Bd5 27. Qg4
Ne6 28. h5 Bxf3 29. Bxf3 Rxd1+ 30. Bxd1 Nc6 31. Bc3 Qd8 32. Bb3 Qd3 33. Bxe6
Qxc3 34. Bd5 Qe1+ 35. Kh2 Qxe5+ 36. g3 Qxd5 37. h6 Qd4 38. Qc8+ Nd8 39. Qxa6
Qxf2+ 40. Kh3 Qf5+ 41. Kg2 Qe6 42. Qa7 Qxh6 43. a6 Qd2+ 44. Kh3 Qd5 45. Kh2 h5
46. Qb8 Qa2+ 47. Kg1 Qxa6 48. Qxd8+ Kh7 49. Qd5 Qg6 50. Kh2 Qc2+ 51. Kg1 Kg6
52. Qc6+ f6 53. Qe8+ Kh6 54. Qh8+ Qh7 55. Qc8 Qb1+ 56. Kg2 Qc2+ 57. Kh3 c4 58.
Qh8+ Kg6 59. Qe8+ Kh6 60. Qh8+ Qh7 61. Qc8 Qg6 62. Qh8+ Kg5 63. Qd8 Qe4 64.
Qd2+ Kg6 65. Kh2 Qd3 66. Qe1 c3 67. Qe8+ Kg5 68. Qf7 Qe2+ 69. Kh3 g6 70. g4
Qxg4+ 71. Kh2 Qe2+ 72. Kh3 c2 0-1

[Event "62. BEM 2008"]
[Site "Dortmund"]
[Date "2008.02.28"]
[Round "6.3"]
[White "Raskin, Vitali"]
[Black "Borjini, Mohamed"]
[Result "0-1"]
[WhiteElo "1634"]
[BlackElo "1933"]
[PlyCount "84"]
[EventDate "2008.??.??"]
[Source "SG Dortmund"]
[SourceDate "2004.12.16"]

1. d4 Nf6 2. c4 g6 3. Nf3 Bg7 4. Nc3 O-O 5. Bg5 d6 6. e4 Nbd7 7. Be2 h6 8. Bh4
c6 9. O-O e5 10. d5 c5 11. Qc2 a6 12. a3 Qe8 13. b4 Nh5 14. h3 Nf4 15. Bg3 f5
16. Rfe1 Nxe2+ 17. Rxe2 f4 18. Bh2 g5 19. Rb1 Bf6 20. g3 Qh5 21. Kg2 Nb6 22.
Qd3 Bxh3+ 23. Kg1 Bg4 24. Ne1 Bxe2 25. Nxe2 Nd7 26. f3 cxb4 27. axb4 a5 28. g4
Qf7 29. bxa5 Nc5 30. Qd2 Bd8 31. Nd3 Bxa5 32. Qc2 Nxd3 33. Qxd3 Rfc8 34. Kg2
Qc7 35. Rc1 Bb6 36. Bg1 Bxg1 37. Kxg1 Qc5+ 38. Kg2 Ra2 39. Kf1 Rca8 40. Qb3
R8a3 41. Qb5 Rxf3+ 42. Ke1 Qf2+ 0-1

[Event "62. BEM 2008"]
[Site "Dortmund"]
[Date "2008.02.28"]
[Round "6.4"]
[White "Zelt, Jens"]
[Black "Gorzinski, Dariusz"]
[Result "1-0"]
[WhiteElo "1982"]
[BlackElo "1841"]
[PlyCount "136"]
[EventDate "2008.??.??"]
[Source "SG Dortmund"]
[SourceDate "2004.12.16"]

1. d4 d5 2. Nf3 Nf6 3. c3 e6 4. Bf4 c5 5. e3 Nc6 6. Nbd2 Nh5 7. Bg3 Nxg3 8.
hxg3 cxd4 9. exd4 Be7 10. Bd3 h6 11. Qe2 Bf6 12. O-O Bd7 13. Rfe1 g6 14. Nf1 h5
15. a4 a5 16. Qc2 Rc8 17. Qb1 Qe7 18. Ne3 Qd6 19. Bxg6 Ne7 20. Bd3 h4 21. g4
Qf4 22. Qd1 Bc6 23. Bb5 Kd7 24. Nh2 Rcg8 25. Qe2 Ng6 26. Nef1 Qd6 27. Bxc6+
bxc6 28. Red1 Nf4 29. Qc2 Bd8 30. c4 f5 31. f3 h3 32. g3 Ng2 33. Ra3 f4 34.
cxd5 cxd5 35. gxf4 Nxf4 36. Rc3 Bb6 37. Kh1 Qb4 38. Qd2 Rf8 39. Qe3 Qxa4 40.
Rd2 Qb5 41. Rb3 Qc6 42. Qe5 Rh7 43. Rc3 Qd6 44. Qe3 Rhh8 45. Rdc2 Rc8 46. Nd2
Rxc3 47. bxc3 a4 48. c4 Ng2 49. Qg5 Bxd4 50. cxd5 Qxd5 51. Qg6 Re8 52. Ne4 a3
53. Qf7+ Re7 54. Rc7+ Kxc7 55. Qxe7+ Kb6 56. Qxa3 Be5 57. Qc1 Qd4 58. Qg1 Kc6
59. Qxd4 Bxd4 60. Ng5 Kd7 61. Nxh3 Ne1 62. Nf4 Be5 63. Ng2 Nd3 64. Kg1 Ke7 65.
Nf1 Nf4 66. Nxf4 Bxf4 67. Kf2 Kf6 68. Ne3 Kg5 1-0

[Event "62. BEM 2008"]
[Site "Dortmund"]
[Date "2008.02.28"]
[Round "6.5"]
[White "Kropp, Andreas"]
[Black "Büchle, Manfred"]
[Result "0-1"]
[WhiteElo "1918"]
[BlackElo "1858"]
[PlyCount "120"]
[EventDate "2008.??.??"]
[Source "SG Dortmund"]
[SourceDate "2004.12.16"]

1. Nf3 c5 2. c4 Nf6 3. g3 e6 4. Bg2 d5 5. cxd5 exd5 6. O-O Be7 7. d4 cxd4 8.
Nxd4 Nc6 9. Nc3 O-O 10. Nxc6 bxc6 11. Qa4 Bb7 12. Rd1 Qb6 13. Qc2 Rac8 14. Be3
c5 15. Nxd5 Nxd5 16. Bxd5 Bxd5 17. Rxd5 Rfd8 18. Rad1 Rxd5 19. Rxd5 Qc6 20. Qf5
Rc7 21. Qd3 h6 22. b3 a5 23. a4 Rb7 24. Bd2 Qb6 25. Re5 Qc7 26. Bf4 Qc6 27. Rd5
f6 28. Qc4 Kf8 29. Bd2 Qb6 30. Rd3 Rb8 31. Qe4 Rd8 32. Rxd8+ Bxd8 33. Qd5 Be7
34. Kg2 Qd8 35. Qxd8+ Bxd8 36. Kf3 Ke7 37. Ke4 Ke6 38. Kd3 Kd5 39. e4+ Kc6 40.
Kc4 Bc7 41. f4 h5 42. Bc3 Bd8 43. e5 fxe5 44. fxe5 g5 45. e6 g4 46. Be5 Be7 47.
Bf4 Bf6 48. Be3 Be7 49. Bf2 Bd6 50. Be1 h4 51. e7 Kd7 52. Kb5 Bc7 53. Kxc5 Kxe7
54. Kc6 Bb8 55. Kb5 Bc7 56. Bxa5 Bxg3 57. Bb4+ Ke6 58. a5 Bxh2 59. Be1 g3 60.
a6 Bg1 0-1

[Event "62. BEM 2008"]
[Site "Dortmund"]
[Date "2008.02.28"]
[Round "6.6"]
[White "Ziperstein, Jakob"]
[Black "Grube, Jörg"]
[Result "1/2-1/2"]
[WhiteElo "1851"]
[BlackElo "1747"]
[PlyCount "82"]
[EventDate "2008.??.??"]
[Source "SG Dortmund"]
[SourceDate "2004.12.16"]

1. e4 c5 2. Nf3 d6 3. Nc3 Nf6 4. d4 cxd4 5. Nxd4 a6 6. Bd3 Nbd7 7. Nf3 b5 8.
O-O e6 9. Re1 Bb7 10. a3 Rc8 11. Bg5 Be7 12. Bh4 O-O 13. Bg3 Nh5 14. Nd4 Nxg3
15. hxg3 Bf6 16. Nf3 Rxc3 17. bxc3 Bxc3 18. Rb1 Bxe1 19. Qxe1 Qa8 20. Qe3 Nc5
21. Rb4 e5 22. Nxe5 Re8 23. Nf3 Nxe4 24. Qf4 Nf6 25. Rd4 Bxf3 26. gxf3 d5 27.
Qh4 Re5 28. Kg2 Qc8 29. Qf4 Qe6 30. a4 Re1 31. axb5 Ra1 32. Qd2 axb5 33. Bxb5
g6 34. c4 dxc4 35. Rf4 Qb6 36. Qb2 Ra5 37. Rxf6 Qxb5 38. Qxb5 Rxb5 39. Rc6 Rb4
40. f4 Kg7 41. g4 h6 1/2-1/2

[Event "62. BEM 2008"]
[Site "Dortmund"]
[Date "2008.02.28"]
[Round "6.7"]
[White "Werner, Patrick"]
[Black "Schröder, Thomas"]
[Result "1-0"]
[WhiteElo "1692"]
[BlackElo "1569"]
[PlyCount "55"]
[EventDate "2008.??.??"]
[Source "SG Dortmund"]
[SourceDate "2004.12.16"]

1. e4 c6 2. d4 d5 3. e5 Bf5 4. Nc3 h5 5. Nf3 e6 6. Bd3 Bxd3 7. Qxd3 Nd7 8. Bg5
Be7 9. h4 Nh6 10. Ne2 Nf8 11. Nf4 Nf5 12. Bxe7 Qxe7 13. c3 O-O-O 14. b4 Kb8 15.
a4 Rc8 16. g3 Nd7 17. a5 Qe8 18. Qe2 Ka8 19. Nd2 Qe7 20. Nb3 g5 21. hxg5 Qxg5
22. Rxh5 Rxh5 23. Qxh5 Qg7 24. Qf3 Rh8 25. a6 b6 26. b5 c5 27. Nxd5 Nb8 28.
Nxb6# 1-0

[Event "62. BEM 2008"]
[Site "Dortmund"]
[Date "2008.02.28"]
[Round "6.8"]
[White "Salifoski, Ramazan"]
[Black "Hoppe, Dirk"]
[Result "1-0"]
[WhiteElo "1625"]
[BlackElo "1779"]
[PlyCount "49"]
[EventDate "2008.??.??"]
[Source "SG Dortmund"]
[SourceDate "2004.12.16"]

1. e4 e6 2. d4 d5 3. e5 c5 4. c3 Nc6 5. Nf3 Bd7 6. Bd3 Rc8 7. O-O cxd4 8. cxd4
Nb4 9. a4 Nxd3 10. Qxd3 Bb4 11. Na3 Bxa4 12. Nb5 Bc2 13. Nc7+ Qxc7 14. Qb5+ Qd7
15. Qxb4 a6 16. b3 Bd3 17. Ba3 Ne7 18. Rfc1 Nc6 19. Qb6 f6 20. Bd6 Kf7 21. Rc3
Bb5 22. Rac1 Qd8 23. Qxb7+ Kg8 24. exf6 Bf1 25. Qxg7# ({Oder} 25. f7# {;-)})
1-0

[Event "62. BEM 2008"]
[Site "Dortmund"]
[Date "2008.02.28"]
[Round "6.9"]
[White "Sonntag, Joachim"]
[Black "Schultz, Bernfried"]
[Result "0-1"]
[WhiteElo "1769"]
[BlackElo "1668"]
[Annotator "P. Schulenburg"]
[PlyCount "114"]
[EventDate "2008.??.??"]
[Source "SG Dortmund"]
[SourceDate "2004.12.16"]

1. e4 e5 2. Nf3 Nc6 3. Bc4 Be7 4. Nc3 Nf6 5. d3 O-O 6. O-O d6 7. a3 Na5 8. Ba2
c5 9. Re1 Nc6 10. h3 a6 11. Ng5 Nd4 12. f4 h6 13. Nf3 Nxf3+ 14. Qxf3 exf4 15.
Bxf4 Be6 16. e5 dxe5 17. Bxe5 Bxa2 18. Rxa2 Qd7 19. Raa1 Rad8 20. Rad1 Nh7 21.
Ne4 f6 22. Bc3 b5 23. b3 f5 24. Ng3 Bf6 25. Bxf6 Rxf6 26. Kh1 Ng5 27. Qf2 Qd5
28. Nh5 Rf7 29. Nf4 Qc6 30. Rd2 Re8 31. Rde2 Rxe2 32. Qxe2 Rf8 33. Qe5 c4 34.
Nd5 Kh7 35. Ne7 Qf6 36. bxc4 bxc4 37. dxc4 Ne4 38. Qxf6 Rxf6 39. Kg1 Ng3 40. c5
f4 41. c6 Nf5 42. Nxf5 Rxf5 43. Re4 Rc5 44. c4 g5 45. Kf2 Rxc6 46. Ke2 Kg6 47.
Kd3 Kf5 48. Rd4 Ke5 49. Rd5+ Ke6 50. Kd4 Rd6 51. Rxd6+ Kxd6 52. c5+ Kc6 53. Ke4
Kxc5 54. Kf5 Kd5 55. Kg6 Ke5 56. Kxh6 Kf6 57. Kh5 Kf5 {
und Weiss gab auf. Aber warum eigentlich?} ({Die Schlussstellung nach} 57...
Kf5 {war fuer beide Seiten leicht remis zu halten, z.B.} 58. a4 a5 59. Kh6 g4
60. hxg4+ Kxg4 61. Kg6 Kg3 62. Kf5 Kxg2 63. Kxf4 Kf2 64. Ke4 Ke2 65. Kd4 Kd2
66. Kc4 Ke3 $1 (66... Kc2 $4 67. Kb5 Kc3 68. Kxa5 Kc4 69. Kb6 $18) 67. Kb5 Kd4
68. Kxa5 Kc5 $11) 0-1

[Event "62. BEM 2008"]
[Site "Dortmund"]
[Date "2008.02.28"]
[Round "6.10"]
[White "Kajtazovic, Ismail"]
[Black "Ziemek, Siegfried"]
[Result "0-1"]
[WhiteElo "1525"]
[BlackElo "1671"]
[Annotator "P. Schulenburg"]
[PlyCount "50"]
[EventDate "2008.??.??"]
[Source "SG Dortmund"]
[SourceDate "2004.12.16"]

1. d4 d5 2. c4 e6 3. Nf3 Nc6 4. e3 a6 5. a3 Be7 6. c5 b6 7. b4 bxc5 8. bxc5 f5
9. Nc3 Nf6 10. Be2 O-O 11. O-O Ne4 12. Nxe4 fxe4 13. Nd2 e5 14. Nb3 Be6 15. Qc2
Qe8 16. Rd1 Bh4 17. g3 Bh3 18. Bf1 Bxf1 19. Kxf1 Bf6 20. Bb2 exd4 21. exd4 Bg5
22. Kg2 Qh5 23. Nd2 e3 $1 ({Der Partiezug verdient eine Rufzeichen. Gleich
zwei Rufzeichen erhielte allerdings} 23... Rxf2+ $3 24. Kxf2 Qxh2+ 25. Ke1
Qxg3+ 26. Kf1 (26. Ke2 Qg2+ 27. Ke1 Bh4#) 26... Rf8+ 27. Nf3 Rxf3+ {
nebst Matt im naechsten Zug.}) 24. fxe3 {(?)} (24. f4 {
verlaengert lediglich das weisse Leiden.}) 24... Qe2+ 25. Kh3 Rf6 0-1

[Event "62. BEM 2008"]
[Site "Dortmund"]
[Date "2008.02.28"]
[Round "6.11"]
[White "Reschop, Romano"]
[Black "Benke, Werner"]
[Result "1/2-1/2"]
[WhiteElo "1670"]
[BlackElo "1563"]
[PlyCount "83"]
[EventDate "2008.??.??"]
[Source "SG Dortmund"]
[SourceDate "2004.12.16"]

1. e4 c5 2. Nf3 d6 3. d4 cxd4 4. Nxd4 Nf6 5. Nc3 Bd7 6. Bc4 Nc6 7. Bb3 g6 8. f3
Bg7 9. Be3 O-O 10. Qd2 a6 11. O-O-O Na5 12. Bh6 Nxb3+ 13. Nxb3 Qc7 14. h4 Be6
15. g4 Bxb3 16. axb3 Qa5 17. Kb1 Rfe8 18. Bxg7 Kxg7 19. Qd4 Kg8 20. b4 Qe5 21.
Qxe5 dxe5 22. g5 Nh5 23. Rd7 Nf4 24. Nd5 Nxd5 25. Rxd5 f6 26. Rhd1 Kf7 27. Rd7
b6 28. Rb7 Reb8 29. Rdd7 Rxb7 30. Rxb7 b5 31. gxf6 Kxf6 32. Rb6+ e6 33. Rb7 h5
34. Kc1 g5 35. hxg5+ Kxg5 36. Kd2 Rd8+ 37. Ke2 Rd6 38. b3 h4 39. Rh7 Rc6 40.
Kd3 Rd6+ 41. Ke2 Rc6 42. Kd3 1/2-1/2

[Event "62. BEM 2008"]
[Site "Dortmund"]
[Date "2008.02.28"]
[Round "6.12"]
[White "Rutmann, Ulrich"]
[Black "Duschek, Günter"]
[Result "1/2-1/2"]
[WhiteElo "1401"]
[BlackElo "1658"]
[Annotator "P. Schulenburg"]
[PlyCount "90"]
[EventDate "2008.??.??"]
[Source "SG Dortmund"]
[SourceDate "2004.12.16"]

1. e4 c6 2. d4 d5 3. e5 Bf5 4. Bd3 Bxd3 5. Qxd3 e6 6. Nf3 h6 7. c3 Ne7 8. O-O
Ng6 9. Be3 Be7 10. Nbd2 Nd7 11. b4 O-O 12. Rfe1 Nh4 13. Nxh4 Bxh4 14. Nf3 Be7
15. h3 Nb6 16. Nh2 Nc4 17. Bc1 a5 18. bxa5 Bg5 19. Ng4 Bxc1 20. Raxc1 Qg5 21.
Qg3 Kh8 22. Rb1 h5 23. Nh2 Qxg3 24. fxg3 Rfb8 25. Nf3 Rxa5 26. Re2 b5 27. Ng5
Kg8 28. Rf1 Ra7 29. Rf4 Rbb7 30. Rh4 g6 31. g4 hxg4 32. Rxg4 b4 33. cxb4 Rxb4
34. Rh4 Rb2 35. Rxb2 Nxb2 36. Nh7 g5 37. Nf6+ Kg7 38. Rg4 Kh6 39. h4 gxh4 40.
Rxh4+ ({Bereits hier stand dem Weissen eine klassische "Remisschaukel" zu
Gebote, naemlich das Dauerschach} 40. Ng8+ Kh5 41. Nf6+ Kh6 42. Ng8+ Kh7 43.
Nf6+ Kh6 (43... Kh8 $4 44. Rg8#) 44. Ng8+ Kh5 45. Nf6+ {usw.}) 40... Kg5 41.
Rh5+ Kf4 42. Rh3 Rxa2 43. Rf3+ Kg5 44. Rg3+ Kf5 45. Rf3+ Kg5 1/2-1/2

[Event "62. BEM 2008"]
[Site "Dortmund"]
[Date "2008.02.28"]
[Round "6.13"]
[White "Ziemek, Gerhard"]
[Black "Ezzat, Tarik"]
[Result "1-0"]
[WhiteElo "1628"]
[BlackElo "1506"]
[PlyCount "59"]
[EventDate "2008.??.??"]
[Source "SG Dortmund"]
[SourceDate "2004.12.16"]

1. d4 Nf6 2. Nc3 e6 3. e4 d6 4. f4 Nc6 5. Nf3 a6 6. a4 Be7 7. Bd3 h6 8. O-O Nb4
9. Be2 b6 10. Bd2 d5 11. e5 Nh7 12. Nb1 g5 13. c3 Nc6 14. fxg5 hxg5 15. Ne1 Nf8
16. Bh5 Ng6 17. Qf3 Rh7 18. Qg4 (18. Qxf7+ Rxf7 19. Bxg6 Kd7 $13) 18... Kd7 19.
Nf3 Qg8 20. c4 dxc4 21. Nc3 Ke8 22. Ne4 Qg7 23. Bxg5 Bxg5 24. Nfxg5 Ngxe5 25.
dxe5 Nxe5 26. Qe2 Rh6 27. Nxf7 Nxf7 28. Rxf7 Qd4+ 29. Rf2+ Ke7 30. Rd1 1-0

[Event "62. BEM 2008"]
[Site "Dortmund"]
[Date "2008.02.28"]
[Round "6.14"]
[White "Flierdl, Lothar"]
[Black "Hugenroth, Andreas"]
[Result "1-0"]
[WhiteElo "1702"]
[BlackElo "1231"]
[PlyCount "59"]
[EventDate "2008.??.??"]
[Source "SG Dortmund"]
[SourceDate "2004.12.16"]

1. e4 e5 2. d4 d6 3. dxe5 dxe5 4. Qxd8+ Kxd8 5. Nc3 Bc5 6. Bd2 Ne7 7. f3 Be6 8.
O-O-O Nd7 9. Kb1 Nc6 10. Nge2 Re8 11. Nd5 Nd4 12. Nec3 f5 13. Bg5+ Kc8 14. a3
f4 15. Na4 c6 16. Nxc5 Nxc5 17. Nc3 b5 18. Ne2 Nxe2 19. Bxe2 h6 20. Bh4 g5 21.
Bf2 Nd7 22. Rd6 Kc7 23. Rhd1 Rad8 24. Bxa7 Kb7 25. Bc5 Kc7 26. Bf2 Nb8 27. Bb6+
Kxb6 28. Rxd8 Rxd8 29. Rxd8 Nd7 30. Rh8 1-0

[Event "62. BEM 2008"]
[Site "Dortmund"]
[Date "2008.02.28"]
[Round "6.15"]
[White "Krüger, Georg"]
[Black "Gennat, Egon L"]
[Result "0-1"]
[WhiteElo "1672"]
[BlackElo "1495"]
[PlyCount "68"]
[EventDate "2008.??.??"]
[Source "SG Dortmund"]
[SourceDate "2004.12.16"]

1. Nf3 Nf6 2. c4 e6 3. Nc3 c5 4. e4 Nc6 5. d4 cxd4 6. Nxd4 Bb4 7. Nxc6 Bxc3+ 8.
bxc3 bxc6 9. e5 Ng8 10. Qg4 Ne7 11. Bd3 h5 12. Qg5 d5 13. O-O Nf5 14. Qf4 Qh4
15. Qd2 Qd8 16. Rd1 dxc4 17. Bxc4 Qxd2 18. Rxd2 O-O 19. Ba3 Re8 20. Rb1 Ne7 21.
Be2 g6 22. Bf3 Ba6 23. Rd7 Nd5 24. Bxd5 cxd5 25. Bd6 Rec8 26. Rb3 Rc6 27. f4
Bc8 28. Rd8+ Kh7 29. Be7 g5 30. Kf2 Rc7 31. Bf6 gxf4 32. Rh8+ Kg6 33. Rg8+ Kh7
34. Kf3 $4 Kxg8 0-1

[Event "62. BEM 2008"]
[Site "Dortmund"]
[Date "2008.02.28"]
[Round "6.16"]
[White "Ewers, Christian"]
[Black "Wodzinski, Kristin"]
[Result "0-1"]
[WhiteElo "1668"]
[BlackElo "1212"]
[PlyCount "62"]
[EventDate "2008.??.??"]
[Source "SG Dortmund"]
[SourceDate "2004.12.16"]

1. g3 d5 2. Bg2 c6 3. Nf3 Nf6 4. O-O e6 5. d3 Nbd7 6. Qe1 Be7 7. e4 Qc7 8. exd5
cxd5 9. Qc3 Qxc3 10. Nxc3 O-O 11. Re1 b6 12. a3 Ba6 13. Nd4 Bc5 14. Nb3 Bd6 15.
Bf4 Bxf4 16. gxf4 Nh5 17. f5 Nf4 18. fxe6 fxe6 19. Rxe6 Nxe6 20. Bxd5 Rae8 21.
Nd4 Ndc5 22. b4 Bb7 23. Nxe6 Rxe6 24. bxc5 Bxd5 25. Nxd5 bxc5 26. c4 Re2 27. d4
cxd4 28. c5 Rc2 29. c6 Rd8 30. Ra2 Rc5 31. c7 Rdxd5 0-1

[Event "62. BEM 2008"]
[Site "Dortmund"]
[Date "2008.02.28"]
[Round "6.17"]
[White "Noori, Mir Ahmad"]
[Black "Lauche, Christoph"]
[Result "0-1"]
[WhiteElo "1556"]
[BlackElo "1834"]
[PlyCount "68"]
[EventDate "2008.??.??"]
[Source "SG Dortmund"]
[SourceDate "2004.12.16"]

1. d4 f5 2. e3 Nf6 3. g3 g6 4. Bg2 Bg7 5. b3 O-O 6. Bb2 d6 7. Nd2 c6 8. Ngf3
Qe8 9. c4 Nbd7 10. O-O e5 11. dxe5 dxe5 12. Qc2 e4 13. Nd4 Ng4 14. h3 Nge5 15.
Ne2 Nc5 16. Rad1 Ncd3 17. Ba1 a5 18. a3 b5 19. Bxe5 Qxe5 20. Rb1 Qc5 21. Nc1
Rd8 22. Nxd3 Rxd3 23. Qa2 Be6 24. Rfd1 Rad8 25. Bf1 R3d7 26. Be2 Be5 27. Kg2
Bc3 28. Nf1 Rxd1 29. Rxd1 Rxd1 30. Bxd1 bxc4 31. a4 Qb4 32. Qb1 cxb3 33. g4
Qxa4 34. Ng3 Qa1 0-1

[Event "62. BEM 2008"]
[Site "Dortmund"]
[Date "2008.02.28"]
[Round "6.18"]
[White "Watzlawek, Volker"]
[Black "Gegner, Michael"]
[Result "1-0"]
[WhiteElo "1661"]
[BlackElo "1552"]
[PlyCount "41"]
[EventDate "2008.??.??"]
[Source "SG Dortmund"]
[SourceDate "2004.12.16"]

1. e4 e5 2. g3 f5 3. exf5 Nf6 4. Nf3 d6 5. d4 e4 6. Nh4 d5 7. Bg5 Nbd7 8. c4 c6
9. Nc3 Be7 10. Qb3 Nb6 11. cxd5 Nfxd5 12. Bxe7 Qxe7 13. Bg2 Nxc3 14. bxc3 Nd5
15. O-O O-O 16. Rae1 Kh8 17. Rxe4 Qf6 18. Re5 Ne7 19. Rfe1 Nxf5 20. Nxf5 Bxf5
21. Qxb7 1-0

[Event "62. BEM 2008"]
[Site "Dortmund"]
[Date "2008.02.28"]
[Round "6.19"]
[White "Reinacher, Detlev"]
[Black "Stepke, Horst P"]
[Result "1-0"]
[WhiteElo "1464"]
[BlackElo "1608"]
[PlyCount "83"]
[EventDate "2008.??.??"]
[Source "SG Dortmund"]
[SourceDate "2004.12.16"]

1. d4 Nf6 2. c4 e6 3. Nc3 d5 4. e3 Bd7 5. Nf3 c5 6. Qc2 Nc6 7. a3 Rc8 8. b3 Be7
9. Bb2 O-O 10. Bd3 cxd4 11. exd4 dxc4 12. bxc4 Be8 13. Rd1 Kh8 14. Ne2 Qc7 15.
Rc1 h6 16. O-O Na5 17. c5 Bc6 18. Nc3 Qf4 19. Ne5 Qxd4 20. Nb5 Qd5 21. Nxc6
Nxc6 22. Rfd1 a6 23. Be2 Qg5 24. Nd6 Bxd6 25. Rxd6 Rfd8 26. Rcd1 Nd5 27. Bc1
Qe7 28. Qb2 Rxd6 29. cxd6 Qf8 30. Qxb7 Ne5 31. Bb2 Rb8 32. Qxb8 Qxb8 33. Bxe5
Qc8 34. h4 f6 35. Bh2 Kg8 36. Bg4 Kf7 37. Rxd5 f5 38. d7 Qd8 39. Bc7 Qxc7 40.
d8=Q Qc1+ 41. Rd1 Qxa3 42. Bh5+ 1-0

[Event "62. BEM 2008"]
[Site "Dortmund"]
[Date "2008.02.28"]
[Round "6.20"]
[White "Clausen, Dirk"]
[Black "Ackerhans, Gerd"]
[Result "1-0"]
[WhiteElo "1597"]
[BlackElo "1415"]
[PlyCount "51"]
[EventDate "2008.??.??"]
[Source "SG Dortmund"]
[SourceDate "2004.12.16"]

1. e4 c5 2. Nc3 Nc6 3. g3 d6 4. Bg2 e5 5. d3 Nf6 6. f4 Be7 7. Nf3 Bg4 8. h3
Bxf3 9. Qxf3 Nd4 10. Qf2 Nd7 11. Nd5 O-O 12. c3 Nc6 13. f5 Bg5 14. h4 Bxc1 15.
Rxc1 f6 16. g4 h6 17. Qe3 Kf7 18. Qd2 Ne7 19. Ne3 Rc8 20. Bf3 b5 21. g5 Rg8 22.
Bh5+ Kf8 23. gxh6 g5 24. hxg5 fxg5 25. Ng4 d5 26. h7 1-0

[Event "62. BEM 2008"]
[Site "Dortmund"]
[Date "2008.02.28"]
[Round "6.21"]
[White "Schrimpl, Michael"]
[Black "Dörre, Niels"]
[Result "1/2-1/2"]
[WhiteElo "1390"]
[BlackElo "1590"]
[PlyCount "96"]
[EventDate "2008.??.??"]
[Source "SG Dortmund"]
[SourceDate "2004.12.16"]

1. c4 e5 2. Nc3 Nf6 3. Nf3 Nc6 4. g3 d5 5. cxd5 Nxd5 6. d3 Bb4 7. Bd2 Nxc3 8.
Bxc3 Bxc3+ 9. bxc3 O-O 10. Bg2 Be6 11. O-O Qe7 12. Qa4 Rab8 13. Rab1 a6 14. Rb2
Bd7 15. Qc2 b5 16. Rfb1 e4 17. dxe4 f5 18. Nd4 f4 19. Nxc6 Bxc6 20. a4 fxg3 21.
hxg3 Qf6 22. e3 Rbe8 23. axb5 axb5 24. c4 bxc4 25. Qxc4+ Kh8 26. f4 Qg6 27. Kf2
Bxe4 28. Bxe4 Rxe4 29. Rb8 Ree8 30. Qxc7 Qh5 31. Rxe8 Rxe8 32. Qc6 h6 33. Rh1
Qf7 34. Kf3 Qe7 35. Re1 Rb8 36. Qe4 Qf7 37. g4 Kg8 38. Ra1 Re8 39. Ra8 Rxa8 40.
Qxa8+ Kh7 41. Qe4+ Kg8 42. Kg3 Qf6 43. Qc4+ Kh7 44. Qc5 Qa1 45. Qc2+ Kg8 46.
Qc4+ Kh7 47. Qe4+ Kg8 48. Qe8+ Kh7 1/2-1/2

[Event "62. BEM 2008"]
[Site "Dortmund"]
[Date "2008.02.28"]
[Round "6.22"]
[White "Warsitz, Andreas"]
[Black "Collisy, Klaus-D"]
[Result "1-0"]
[WhiteElo "1558"]
[BlackElo "1326"]
[PlyCount "27"]
[EventDate "2008.??.??"]
[Source "SG Dortmund"]
[SourceDate "2004.12.16"]

1. e4 e5 2. d4 exd4 3. Qxd4 Nc6 4. Qe3 Nf6 5. Nc3 b6 6. Bd2 Bc5 7. Qg3 Bf8 8.
O-O-O g6 9. Bg5 d6 10. Bb5 Bd7 11. Nd5 Bg7 12. Qh4 O-O 13. Nxf6+ Bxf6 14. Bxf6
1-0

[Event "62. BEM 2008"]
[Site "Dortmund"]
[Date "2008.02.28"]
[Round "6.23"]
[White "Schaefer, Ulrich"]
[Black "Rzoczek, Christoph"]
[Result "0-1"]
[WhiteElo "1253"]
[BlackElo "1588"]
[PlyCount "96"]
[EventDate "2008.??.??"]
[Source "SG Dortmund"]
[SourceDate "2004.12.16"]

1. e4 d5 2. exd5 Qxd5 3. Nc3 Qd6 4. d4 Nf6 5. Nf3 Bg4 6. Be3 c6 7. h3 Bh5 8.
Bd3 Nbd7 9. g4 Bg6 10. Bxg6 hxg6 11. Qd3 Nxg4 12. O-O-O Ngf6 13. h4 e6 14. Ng5
Qc7 15. a3 Bd6 16. Nce4 Nxe4 17. Nxe4 Be7 18. Bg5 Nf6 19. f4 O-O-O 20. Rh3 Nd5
21. Bxe7 Nxe7 22. Qf3 Nf5 23. Qf2 Qe7 24. Ng5 f6 25. Ne4 Qd7 26. Nc5 Qd5 27. c3
b6 28. Nd3 a5 29. Qe2 Qc4 30. Re1 Nxd4 31. Qe4 Nb3+ 32. Kc2 Qxe4 33. Rxe4 Rxd3
34. Rxd3 Nc5 35. Rdd4 Nxe4 36. Rxe4 Re8 37. Kb3 e5 38. fxe5 Rxe5 39. Rxe5 fxe5
40. Kc2 Kd7 41. Kd3 a4 42. Ke4 Ke6 43. c4 Kf6 44. Kf3 Kf5 45. Ke3 c5 46. Kf3
e4+ 47. Kg3 Ke5 48. Kf2 Kd4 0-1